Two-Word U.S. State Capitals - Statistics

General Stats
  • This quiz has been taken 44 times
    25 since last reset
  • The average score is 6 of 8
Answer Stats
Capital % Correct
Baton Rouge
92%
Carson City
88%
Jefferson City
83%
Oklahoma City
83%
Santa Fe
79%
Saint Paul
75%
Des Moines
71%
Little Rock
67%
No matching quizzes found
Score Distribution
Percent of People with Each Score
Percentile by Number Answered
Your Score History
You have not taken this quiz since the last reset